| 000 | 00600nam a22002057a 4500 | ||
|---|---|---|---|
| 003 | OSt | ||
| 005 | 20140310181739.0 | ||
| 008 | 130322t xxu||||| |||| 00| 0 eng d | ||
| 020 | _a1551380099 | ||
| 050 |
_aLB 1628 _b.H37 1993 |
||
| 082 |
_aTR 370.1 _bH37 1993 |
||
| 245 |
_aIntegrated programs for adolescents / _cLinda Hart-Hewins. |
||
| 260 |
_aOntario, IL. _bPembroke Pub. _c1993 |
||
| 300 |
_a95 p. _bill. _c20 cm. |
||
| 520 | _a1. Interdisciplinary approach in education 2. Mainstreaming in education | ||
| 521 | _aTeachers | ||
| 541 | _j1 | ||
| 562 | _e1 | ||
| 942 |
_2lcc _cBK-TR _kTR |
||
| 999 |
_c2687 _d2687 |
||